00470nam a2200181 a 4500001001300000003000900013005001700022008004100039020002300080082001300103100002000116245003800136260003700174300000900211500003500220505001300255700002000268nice12345678IN_TiNIC20260116014145.0050524s2005 dela grp 000 0 eng  a8170999936 c69500a241bDSO aD`Souza, Albert aChristian Ethics and Moral Values aDelhibMittal Publication c2005 a327p aincludes index and biblioraphy2 aAppendix1 aD`Souza, Albert